[Event "Florianopolis op 5th"]
[Site "Florianopolis"]
[Date "2019.01.21"]
[Round "1"]
[White "Belmonte, Dulce"]
[Black "Piccoli, Lucas Fonseca"]
[Result "0-1"]
[WhiteElo "1570"]
[BlackElo "2062"]
[PlyCount "76"]
[EventDate "2019.01.21"]
[EventType "swiss"]
[EventRounds "10"]
[EventCountry "BRA"]
[SourceTitle "CBM 188 Extra"]
[Source "ChessBase"]
[SourceDate "2019.02.26"]
[SourceVersion "1"]
[SourceVersionDate "2019.02.26"]
[SourceQuality "1"]

1. d4 Nf6 2. c4 e6 3. Nc3 Bb4 4. e3 0-0 5. Nge2 Re8 6. a3 Bf8 7. Ng3 d5 8. Bd3 c5 9. dxc5 dxc4 10. Bxc4 Qxd1+ 11. Kxd1 Bxc5 12. b4 Be7 13. Bb2 Nc6 14. Nb5 a6 15. Nd4 Rd8 16. Ke2 Nxd4+ 17. Bxd4 b5 18. Bb3 Bb7 19. f3 Nd5 20. Rhd1 Rdc8 21. Rac1 a5 22. Bc5 Bf6 23. Ne4 Bb2 24. Rc2 Be5 25. Rdc1 axb4 26. axb4 Re8 27. h3 h6 28. Ra2 Rxa2+ 29. Bxa2 f5 30. Bxd5 exd5 31. Nd2 Ra8 32. Rc2 Ra3 33. f4 Bf6 34. g3 Ra1 35. Kf2 Rh1 36. h4 Rh2+ 37. Ke1 Rg2 38. Nf1 Rxc2 0-1

[Event "Wch U16 Girls"]
[Site "Montevideo"]
[Date "2017.09.19"]
[Round "4"]
[White "Toshali, V."]
[Black "Belmonte, Dulce"]
[Result "1-0"]
[WhiteElo "1921"]
[BlackElo "1562"]
[PlyCount "79"]
[EventDate "2017.09.17"]
[EventType "swiss"]
[EventRounds "11"]
[EventCountry "URU"]
[SourceTitle "CBM 180 Extra"]
[Source "ChessBase"]
[SourceDate "2017.10.06"]
[SourceVersion "1"]
[SourceVersionDate "2017.10.06"]
[SourceQuality "1"]

1. d4 d5 2. Bf4 c5 3. e3 Nf6 4. c3 e6 5. Nd2 Be7 6. Bd3 Nc6 7. Ngf3 c4 8. Bc2 b5 9. 0-0 0-0 10. Ne5 Bb7 11. Bg3 a5 12. f4 b4 13. Bh4 Ra7 14. Rf3 Nxe5 15. fxe5 Ne4 16. Bxe7 Qxe7 17. Bxe4 dxe4 18. Rh3 Bd5 19. Qh5 h6 20. Rg3 Kh7 21. Qg4 f6 22. exf6 Rxf6 23. Nxe4 Bxe4 24. Qxe4+ Kh8 25. Rg6 Rd7 26. Rxf6 Qxf6 27. Rf1 Qe7 28. Qa8+ Kh7 29. Rf8 Ra7 30. Rh8+ Kg6 31. Qe4+ Kf7 32. Qf4+ Kg6 33. Qg4+ Kf7 34. Qh5+ Kf6 35. e4 Qf7 36. e5+ Ke7 37. Qh4+ Kd7 38. Qd8+ Kc6 39. Qd6+ Kb5 40. Qc5+ 1-0

[Event "South America-ch U14 Girls 13th"]
[Site "Santiago de Chile"]
[Date "2016.12.01"]
[Round "1"]
[White "Hilario Huaranca, Aleyla Karen"]
[Black "Belmonte, Dulce"]
[Result "1-0"]
[WhiteElo "1799"]
[BlackElo "1460"]
[PlyCount "57"]
[EventDate "2016.12.01"]
[EventType "swiss"]
[EventRounds "9"]
[EventCountry "CHI"]
[SourceTitle "EXT 2018"]
[Source "ChessBase"]
[SourceDate "2017.10.13"]
[SourceVersion "1"]
[SourceVersionDate "2017.10.13"]
[SourceQuality "1"]

1. d4 d5 2. c4 c6 3. Nf3 Nf6 4. Nc3 dxc4 5. a4 Bf5 6. e3 e6 7. Bxc4 Bb4 8. 0-0 Nbd7 9. Bd3 Bxd3 10. Qxd3 0-0 11. e4 Bxc3 12. bxc3 Nc5 13. Qc4 Ncxe4 14. Ba3 Re8 15. Rab1 Qc7 16. Rfe1 Rac8 17. Qd3 Nd6 18. Bxd6 Qxd6 19. Rxb7 Re7 20. Qa6 Rcc7 21. Reb1 h6 22. h3 Ne8 23. Qxa7 Qa3 24. Rxc7 Rxc7 25. Qa8 Kf8 26. Rb8 Qe7 27. Ne5 c5 28. dxc5 f6 29. Ng6+ 1-0

[Event "Pan American-ch U14 Girls 27th"]
[Site "Montevideo"]
[Date "2016.07.30"]
[Round "8"]
[White "Pinillo Canon, Silvana"]
[Black "Belmonte, Dulce"]
[Result "1/2-1/2"]
[WhiteElo "1626"]
[BlackElo "1574"]
[PlyCount "70"]
[EventDate "2016.07.25"]
[EventType "swiss"]
[EventRounds "9"]
[EventCountry "URU"]
[SourceTitle "EXT 2017"]
[Source "ChessBase"]
[SourceDate "2016.10.25"]
[SourceVersion "1"]
[SourceVersionDate "2016.10.25"]
[SourceQuality "1"]

1. e4 e6 2. d4 d5 3. exd5 exd5 4. Bd3 Nf6 5. Nf3 Bg4 6. 0-0 Be7 7. Re1 0-0 8. h3 Bh5 9. Nbd2 Bg6 10. Nf1 Nbd7 11. Bf4 c6 12. c3 Re8 13. Qc2 Ne4 14. N1d2 Ndf6 15. Ne5 Nxd2 16. Qxd2 Bxd3 17. Nxd3 Ne4 18. Qe3 Bd6 19. Bxd6 Qxd6 20. f3 Nf6 21. Qf4 Rad8 22. Rxe8+ Nxe8 23. Re1 Nf6 24. Kf2 Qxf4 25. Nxf4 Re8 26. Re3 Kf8 27. Nd3 Nd7 28. b3 Rxe3 29. Kxe3 Ke7 30. b4 Ke6 31. f4 Kf6 32. Kf3 Kf5 33. Ne5 Ke6 34. Ke3 Nf6 35. Nd3 Nd7 1/2-1/2

[Event "Pan American-ch U14 Girls 27th"]
[Site "Montevideo"]
[Date "2016.07.29"]
[Round "7"]
[White "Munoz, Clara Belen"]
[Black "Belmonte, Dulce"]
[Result "1-0"]
[WhiteElo "1449"]
[BlackElo "1574"]
[PlyCount "51"]
[EventDate "2016.07.25"]
[EventType "swiss"]
[EventRounds "9"]
[EventCountry "URU"]
[SourceTitle "EXT 2017"]
[Source "ChessBase"]
[SourceDate "2016.10.25"]
[SourceVersion "1"]
[SourceVersionDate "2016.10.25"]
[SourceQuality "1"]

1. e4 e6 2. d4 d5 3. Nd2 Nf6 4. e5 Nfd7 5. Bd3 c5 6. c3 b6 7. Ngf3 Ba6 8. Bxa6 Nxa6 9. 0-0 Nc7 10. Re1 cxd4 11. cxd4 Be7 12. Nb3 0-0 13. Bf4 Rc8 14. Rc1 Nb8 15. Qd2 Qd7 16. Ng5 Nc6 17. Qd3 Bxg5 18. Bxg5 Ne7 19. Nd2 Nf5 20. Nf1 Qa4 21. Red1 Nb5 22. b3 Qxa2 23. Qxb5 Rc2 24. Rxc2 Qxc2 25. Qd3 Qc7 26. Ne3 1-0